000 00626nam a22002177a 4500
999 _c1015
_d1015
003 OSt
005 20190830162301.0
008 150209b xxu||||| |||| 00| 0 eng d
020 _a032402827
040 _c040a
082 _a519.5
_bAND 1999
100 _aAnderson, David R.;Sweeney, Dennis J.; Williams, Thomas A.
_92726
245 _aStatistics for Business and Economics
250 _a 7th ed.
260 _aCincinnati;
_bSouth-western college publishing,
_c1999
300 _axxiv, 909p;
_bill :
_c16 cm.
504 _aincludes index
650 _astatistics
_91274
650 _aEconomics
_9975
942 _2ddc
_cSLOAN